La Democratización de las estructuras productivas en la 'Mater et Magistra' / Efrén Borrajo Dacruz
Publicado:
[S. l.] :
Publicaciones del Centro de Formación y Perfeccionamiento de Funcionarios, DL 1964
Descripción Física:
41 p. ; 21 cm
MARC
| LEADER | 00000nam a2200000Ia 4500 | ||
|---|---|---|---|
| 001 | 140 | ||
| 008 | 160829s9999 xx 000 0 cat d | ||
| 080 | |a M-4-147 | ||
| 100 | 1 | |a Borrajo Dacruz, Efrén |9 23735 | |
| 245 | |a La Democratización de las estructuras productivas en la 'Mater et Magistra' / Efrén Borrajo Dacruz | ||
| 260 | |a [S. l.] : |b Publicaciones del Centro de Formación y Perfeccionamiento de Funcionarios, DL 1964 | ||
| 300 | |a 41 p. ; |c 21 cm | ||
| 590 | |a Notes | ||
| 650 | 0 | |a Relacions laborals |9 49568 | |
| 650 | |a Església i problemes socials |x Església Catòlica |9 23737 | ||
| 650 | |a Encícliques |x Extractes |9 23738 | ||
| 710 | 2 | |a Centro de Formación y Perfeccionamiento de Funcionarios (Alcalá de Henares, Madrid) |9 54841 | |
| 901 | |a Arxiu | ||
| 942 | |n 1 | ||
| 952 | |0 0 |1 0 |4 0 |6 M4147 |7 1 |9 42832 |a Arxiu |b Arxiu |d 2016-12-01 |l 0 |o M-4-147 |p 140 |r 2016-12-01 00:00:00 |w 2016-12-01 |y ARXIU | ||
| 999 | |c 45338 |d 45338 | ||